Nathaniel's Knowledge - Statistics

General Stats
  • This quiz has been taken 24 times
  • The average score is 9 of 15
Answer Stats
Question Answer % Correct
What country has the only non-rectangular flag? Nepal
95%
What does the 'A' in 'A-Bomb' stand for? Atomic
90%
Which country did the US buy the state of Alaska from in 1867? Russia
85%
How many countries in the world contain the word 'guinea'? 4
80%
What is the first element on the periodic table? Hydrogen
75%
Who was the German-born monk who sparked the Protestant Revolution? Martin Luther
75%
What 20th century decade was known as "The Roaring ______" The 1920s
70%
If the lowest main island of New Zealand is the South Island, then what is the highest main island called? The North Island
70%
Christianity, judaism and islam all share the same what? God
55%
What trees leaves did Adam and Eve use to cover their private parts in the Bible? Fig Leaves
45%
If milennials are the generation of people born from 1982 to 1995, then what is the generation from 1995 to present known as? Gen Z
45%
What video game series had their latest 3 games set in Greece, Egypt and London? Assassin's Creed
40%
Who is the debated German inventor of cars? Karl Benz
30%
What significant historical figure is supposedly the ancestor of all modern day Europeans? Charlemagne
5%
What is the name of the neighbouring island of Bali and was in the news throughout 2018 for its earthquakes? Lombok
5%
No matching quizzes found
Score Distribution
Percent of People with Each Score
Percentile by Number Answered
Your Score History
You have not taken this quiz